Выявление природно-климатических факторов, влияющих на содержание химических элементов в сфагновых мхах; Перспективы развития фундаментальных наук

Dades bibliogràfiques
Parent link:Перспективы развития фундаментальных наук.— 2012.— [С. 98-100]
Autor principal: Емельянова А. П.
Altres autors: Шмелина Е. А. (научный руководитель), Алексеенко С. В. Сергей Владимирович, Рыжакова Н. К. Надежда Кирилловна
Sumari:Заглавие с экрана
The sphagnum moss is now widely applied to determine the level of the air pollution, and to createmedical products. That's why it is necessary to research sphagnum moss as it possesses high accumulative properties and accumulates essential and toxic elements and also radionuclide which can have harmful influence on a human body. This paper contains description of the climatic characteristics of territories of sampling, purposes and research methods, and the conclusion about different natural factors, which can influence chemical composition of sphagnum moss.
Idioma:rus
Publicat: 2012
Col·lecció:Физика
Matèries:
Accés en línia:http://www.lib.tpu.ru/fulltext/c/2012/C21/029.pdf
Format: MixedMaterials Electrònic Capítol de llibre
KOHA link:https://koha.lib.tpu.ru/cgi-bin/koha/opac-detail.pl?biblionumber=236389

MARC

LEADER 00000naa2a2200000 4500
001 236389
005 20260415150458.0
035 |a (RuTPU)RU\TPU\book\257550 
035 |a RU\TPU\book\257549 
090 |a 236389 
100 |a 20130424d2012 k y0rusy50 ca 
101 0 |a rus 
102 |a RU 
135 |a drcn ---uucaa 
181 0 |a i  
182 0 |a b 
200 1 |a Выявление природно-климатических факторов, влияющих на содержание химических элементов в сфагновых мхах  |f А. П. Емельянова, Е. А. Шмелина, С. В. Алексеенко  |g науч. рук. Н. К. Рыжакова  |d Detection of climatic factors, that affect the content of chemical elements in sphagnum moss 
203 |a Текст  |c электронный 
215 |a 1 файл(462 Кб) 
225 1 |a Физика 
300 |a Заглавие с экрана 
320 |a [Библиогр.: с. 100 (4 назв.)] 
330 |a The sphagnum moss is now widely applied to determine the level of the air pollution, and to createmedical products. That's why it is necessary to research sphagnum moss as it possesses high accumulative properties and accumulates essential and toxic elements and also radionuclide which can have harmful influence on a human body. This paper contains description of the climatic characteristics of territories of sampling, purposes and research methods, and the conclusion about different natural factors, which can influence chemical composition of sphagnum moss. 
337 |a Adobe Reader 
463 1 |0 (RuTPU)RU\TPU\book\256864  |t Перспективы развития фундаментальных наук  |o сборник научных трудов IX Международной конференция студентов и молодых ученых, г. Томск, 24-27 апреля 2012 г.  |f Национальный исследовательский Томский политехнический университет (ТПУ)  |v [С. 98-100]  |l Prospects of fundamental sciences development  |d 2012 
510 1 |a Detection of climatic factors, that affect the content of chemical elements in sphagnum moss  |z eng 
610 1 |a электронный ресурс 
610 1 |a труды учёных ТПУ 
610 1 |a выявление 
610 1 |a природно-климатические факторы 
610 1 |a химические элементы 
610 1 |a сфагновые мхи 
700 1 |a Емельянова  |b А. П. 
701 1 |a Шмелина  |b Е. А. 
701 1 |a Алексеенко  |b С. В.  |c российский учёный в области парогенераторостроения  |c профессор Томского политехнического университета, доктор физико-математических наук  |g Сергей Владимирович  |3 (RuTPU)RU\TPU\pers\30629 
702 1 |a Рыжакова  |b Н. К.  |c физик  |c доцент Томского политехнического университета, кандидат физико-математических наук  |f 1947-  |g Надежда Кирилловна  |4 727 
801 1 |a RU  |b 63413507  |c 20101016 
801 2 |a RU  |b 63413507  |c 20131016  |g RCR 
856 4 |u http://www.lib.tpu.ru/fulltext/c/2012/C21/029.pdf 
942 |c CF